| 000 | 01905agaaa2200301 4500 | ||
|---|---|---|---|
| 001 | 5126 | ||
| 003 | IT-RoPAU | ||
| 005 | 20220918181244.0 | ||
| 007 | d cvaizq | ||
| 008 | 50131s9999||||xx ||| | || ||und|| | ||
| 040 |
_aIT-RoPAU _cIT-RoPAU |
||
| 041 | _aITALIANO | ||
| 100 |
_aPiccon Elio _gCodice regista SPICS: 23411 _946259 |
||
| 130 |
_aFATIMA SPERANZA DEL MONDO-TOTUS TUUS (GIOVANNI PAOLO II E LA MADONNA) _946260 |
||
| 245 |
_aFATIMA SPERANZA DEL MONDO-TOTUS TUUS (GIOVANNI PAOLO II E LA MADONNA) _cDiretto da: Piccon Elio _pFATIMA SPERANZA DEL MONDO-TOTUS TUUS (GIOVANNI PAOLO II E LA MADONNA) (Rif. Codice opera principale : 85126) |
||
| 250 | _aEdizione Standard | ||
| 260 |
_aROMA (ITALIA) _bSAMPAOLO FILM AUDIOVISIVI / Distribuzione: MASTER VIDEO _g"1989 (1° ed.: 1989 ; Ed. Lingua Orig.: 1989)" |
||
| 300 |
_aVHS _bsonoro, col. _c35 minuti |
||
| 508 | _a"Fotografia: Piccon Elio; Musica: Pagoni Sergio; " | ||
| 520 | _aIL FILM SI APRE CON LA SPETTACOLARE SEQUENZA DELLA VISITA DI PAPA PAOLO VIA FATIMA NEL 1967 IN OCCASIONE DEL CINQUANTENARIO DELLE APPARIZIONI RACCONTA POI IN MODO SEMPLICE LA VITA DEI TRE PASTORELLI AI QUALI LA MADONNA E' APPARSA RICOSTRUENDO FEDELMENTE FATTI E PERSONAGGI LUCIA GIACINTA E FRANCESCO LA PARTE FINALE DEL DOCUMENTARIO PRESENTA LA MADONNA DI FATIMA PELLEGRINADI DIO PER TUTTE LE CONTRADE DEL MONDO AL SUO PASSAGGIO IN AMERICA COME INEUROPA NELL'INDONESIA COME IN AUSTRALIA MOLTITUDINI DI FEDELI SONO TESTIMONI DELLE MERAVIGLIE DELLA SUA MISERICORDIA | ||
| 538 | _aPAL, STEREO | ||
| 546 | _aITALIANO | ||
| 650 |
_aDOCUMENTARIO _eTV-PROGRAMMI RELIGIOSI [VHS] _xCodice MATERIA SPICS: 9963 _936814 |
||
| 700 |
_aCampus Paolino _e(regista) _gCodice secondo regista SPICS: 29726 _946261 |
||
| 700 |
_aPagoni Sergio _e(musica) _gCodice Musica SPICS: 29725 _946262 |
||
| 700 |
_aPiccon Elio _e(regista) _gCodice regista SPICS: 23411 _946263 |
||
| 942 |
_cVH _2ddc |
||
| 999 |
_c106324 _d106324 |
||